| 000 | 01137cam a2200229 4500 | ||
|---|---|---|---|
| 001 | ABS67166 | ||
| 008 | 031029n2003 000 0 eng u | ||
| 035 | _a(Sirsi) u124155 | ||
| 100 | _aSmulian, M. | ||
| 245 | _aPlaying catch-up | ||
| 260 | _c2003 | ||
| 490 |
_aAxis _v57(9) September/October 2003, 8(1) |
||
| 520 | _aThe Starter Home Initiative was originally launched in 2001 to help key workers into home ownership in high cost areas in London and southeast England but faces an embarrassing gap between the 3 300 loans actually made and the proposed 10 000 beneficiaries by 2004. The scheme has been re-launched with higher loans available between £30 000 and £50 000. Discusses whether the government target can be met in the context of current house price movements taking affordable housing further out of the reach of the key workers the scheme is designed for. | ||
| 590 | _aABS | ||
| 650 | _aSTARTER HOME INITIATIVE | ||
| 650 | _aSTARTER HOMES | ||
| 650 | _aLONDON | ||
| 650 | _aSOUTHEAST ENGLAND | ||
| 650 | _aKEY WORKERS | ||
| 690 | _aPROPERTY-RESIDENTIAL PROPERTY-RESIDENTIAL PROPERTY MARKET | ||
| 942 | _n0 | ||
| 999 |
_c73691 _d73691 |
||